Lifeline (Record no. 53384)

MARC details
000 -LEADER
fixed length control field 00354nam a2200133Ia 4500
008 - FIXED-LENGTH DATA ELEMENTS--GENERAL INFORMATION
fixed length control field 220610s9999 xx 000 0 und d
082 ## - DEWEY DECIMAL CLASSIFICATION NUMBER
Classification number 891.4
Item number KOL
100 ## - MAIN ENTRY--PERSONAL NAME
Personal name Kolwadkar Prmod
9 (RLIN) 129268
245 ## - TITLE STATEMENT
Title Lifeline
260 ## - PUBLICATION, DISTRIBUTION, ETC. (IMPRINT)
Place of publication, distribution, etc. Nagpur
Name of publisher, distributor, etc. Suvichar Prakashan
Date of publication, distribution, etc. 2013
300 ## - PHYSICAL DESCRIPTION
Extent 136 P
Other physical details PB
500 ## - GENERAL NOTE
Keywords "Doneted by Dr. Shailesh Pitale, Nagpur"
906 ## - LOCAL DATA ELEMENT F, LDF (RLIN)
a 0
b GB
Holdings
Withdrawn status Lost status Damaged status Not for loan Home library Current library Date acquired Vendor Cost, normal purchase price Total Checkouts Full call number Barcode Date last seen Cost, replacement price Bill Date Koha item type Original Barcode
        Cummins College of Engineering for Women Nagpur Cummins College of Engineering for Women Nagpur 16/10/2018 Donar 120.00   891.40/KOL/ CEWN-DB-245 10/06/2022 120.00 10/06/2022 Donated Book D00245